Statistics for Northumberland Trivia

Click here to take the quiz!

General Stats

  • This quiz has been taken 62 times
    (40 since last reset)
  • The average score is 11 of 20

Answer Stats

HintAnswer% Correct
Monastery island home to a key Celtic Christian centreHoly Island
88%
Major mining productCoal
85%
Bordering Home NationScotland
85%
Bordering English CountiesCumbria
79%
Wall running across the south of the countyHadrian's Wall
79%
County towns*Morpeth
74%
Engineer and 'Father of Railways'George Stephenson
68%
Bordering English CountiesTyne and Wear
68%
Bordering English CountiesCounty Durham
65%
Tea named after a local dignitaryEarl Grey
62%
Native musical instrumentNorthumbrian Pipes
62%
Over 20% of the county is designated as thisNational Park
56%
Family name of the Dukes of NorthumberlandPercy
56%
County towns*Alnwick
50%
Legendary cross-border raidersBorder Reivers
41%
Most famous family member of aboveHenry Percy
38%
Famous gardenerCapability Brown
29%
Famous document produced at the aboveLindisfarne Gospels
26%
Defensive towers built to stop the abovePeel Towers
18%
Local dialect spoken by minersPitmatic
12%

Score Distribution

Percentile by Number Answered

Percent of People with Each Score

Your Score History

You have not taken this quiz since the last reset